[Event "XX C.to Mondiale Seniores"]
[Site "Arco ITA"]
[Date "2010.11.04"]
[Round "9"]
[White "Tribuiani, Renato"]
[Black "Birkestrand, Odd"]
[WhiteElo "2076"]
[BlackElo "1913"]
[Result "1/2-1/2"]
[PlyCount "47"]
[EventDate "2010.10.26"]

1. d4 Nf6 2. Nc3 d5 3. e4 dxe4 4. f3 exf3 5. Nxf3 Bg4 6. h3 Bxf3 7. Qxf3 c6 8.
Qf2 e6 9. Bd3 Be7 10. O-O O-O 11. Qh4 g6 12. Bh6 Ne8 13. Qf4 Ng7 14. Qe5 f6 15.
Qe3 e5 16. dxe5 Nd7 17. Bc4+ Kh8 18. Bxg7+ Kxg7 19. exf6+ Rxf6 20. Ne4 Qa5 21.
Kh1 Rxf1+ 22. Rxf1 Rf8 23. Qd4+ Qe5 24. Qxe5+ 1/2-1/2

[Event "XX C.to Mondiale Seniores"]
[Site "Arco ITA"]
[Date "2010.11.04"]
[Round "9"]
[White "Vaisser, Anatoly V."]
[Black "Shvedchikov, Anatoli I."]
[WhiteElo "2507"]
[BlackElo "2421"]
[Result "1/2-1/2"]
[PlyCount "220"]
[EventDate "2010.10.26"]

1. d4 d5 2. c4 c6 3. Nf3 Nf6 4. Nc3 dxc4 5. a4 e6 6. e3 c5 7. Bxc4 cxd4 8. exd4
Nc6 9. O-O Be7 10. Re1 O-O 11. Bg5 Nb4 12. Qe2 Nfd5 13. h4 h6 14. Nxd5 Nxd5 15.
Bxe7 Nxe7 16. Qe4 Nd5 17. Bxd5 exd5 18. Qe7 Bg4 19. Qxd8 Rfxd8 20. Re7 Rd7 21.
Rxd7 Bxd7 22. Ne5 Bf5 23. Rc1 f6 24. Nf3 Rc8 25. Rc5 Be6 26. Nd2 b6 27. Rxc8+
Bxc8 28. Nf1 h5 29. Ne3 Be6 30. f4 f5 31. Kf2 a5 32. Ke1 Kf7 33. Kd2 Ke7 34.
Kc3 Kd6 35. b4 Bd7 36. Kb3 g6 37. Ka3 Kc6 38. Nd1 Be8 39. Nc3 Bf7 40. Ne2 Be8
41. Nc1 Kb7 42. Na2 Kc6 43. Nc1 Kb7 44. Na2 Kc6 45. Kb2 Kb7 46. Kb3 Kc6 47. Nc1
Kb7 48. Nd3 Kc7 49. Ne5 Kb7 50. Nf3 Kc7 51. Ng5 Kd6 52. Ka3 Kd7 53. Nf3 Kc7 54.
Nd2 Kb7 55. Nb3 Ka6 56. bxa5 bxa5 57. Nc5+ Kb6 58. Kb3 Kc7 59. Nd3 Kb6 60. Nf2
Kc7 61. Nd1 Kc6 62. Nc3 Bd7 63. Ne2 Be8 64. Nc1 Kc7 65. Ka3 Kb6 66. Nb3 Bf7 67.
Nc5 Kc6 68. Kb3 Be8 69. Ne6 Kb6 70. Nf8 Kc6 71. Nh7 Kd6 72. Ka3 Ke7 73. Ng5 Kd6
74. Kb3 Kd7 75. Nf3 Kc7 76. Ka3 Kb6 77. Ng5 Kc6 78. Ne6 Kb6 79. Nc5 Kc6 80. Kb2
Kb6 81. Kc3 Kc7 82. Kd2 Kb6 83. Kc2 Kc7 84. Kb3 Kb6 85. Ka3 Kc7 86. Nb3 Kb6 87.
Nd2 Kc7 88. Nb1 Kc6 89. Nc3 Bf7 90. Nb5 Be8 91. Kb3 Bd7 92. Nc3 Be8 93. Ka3 Bf7
94. Ne2 Be8 95. Nc1 Kb6 96. Nd3 Kc7 97. Nc5 Kb6 98. Ne6 Kc6 99. Nf8 Kd6 100.
Kb3 Ke7 101. Nh7 Bd7 102. Ka3 Be8 103. g3 Kd6 104. Nf6 Bf7 105. Kb3 Ke7 106.
Nh7 Be8 107. Ng5 Kd6 108. Ka3 Kc6 109. Ne6 Kb6 110. Nc5 Kc6 1/2-1/2

[Event "XX C.to Mondiale Seniores"]
[Site "Arco ITA"]
[Date "2010.11.04"]
[Round "9"]
[White "Van Riemsdijk, Herman C."]
[Black "Villing, Dieter"]
[WhiteElo "2390"]
[BlackElo "2189"]
[Result "1-0"]
[PlyCount "59"]
[EventDate "2010.10.26"]

1. e4 e5 2. Nf3 Nc6 3. Bb5 Bc5 4. O-O Nd4 5. Nxd4 Bxd4 6. c3 Bb6 7. d4 c6 8.
Ba4 d6 9. Na3 Bc7 10. Qd3 Nf6 11. f4 O-O 12. fxe5 dxe5 13. Bg5 exd4 14. cxd4
Bxh2+ 15. Kh1 Qa5 16. e5 Qxa4 17. exf6 Qa5 18. Qe3 gxf6 19. Bh4 Qh5 20. g3 Bh3
21. Rf2 Rae8 22. Qf4 Re4 23. Qxe4 Bxg3 24. Rg1 f5 25. Rxg3+ Bg4 26. Qe7 f6 27.
Rh2 Re8 28. Qxf6 Re1+ 29. Rg1 Rxg1+ 30. Kxg1 1-0

[Event "XX C.to Mondiale Seniores"]
[Site "Arco ITA"]
[Date "2010.11.04"]
[Round "9"]
[White "Vrhovnik, Damir"]
[Black "Hohler, Peter"]
[WhiteElo "2066"]
[BlackElo "2193"]
[Result "1-0"]
[PlyCount "77"]
[EventDate "2010.10.26"]

1. Nf3 Nf6 2. g3 b6 3. Bg2 Bb7 4. O-O c5 5. c4 e6 6. Nc3 Be7 7. Re1 O-O 8. e4
d6 9. d4 cxd4 10. Nxd4 Qc8 11. Be3 a6 12. Rc1 Nbd7 13. f4 Rd8 14. Bf2 Bf8 15.
g4 e5 16. Nf5 exf4 17. g5 Ne8 18. Nd5 Bxd5 19. cxd5 Qb8 20. Nd4 Ne5 21. Nc6
Nxc6 22. Rxc6 Rd7 23. Qg4 Rc7 24. Qxf4 Rxc6 25. dxc6 Nc7 26. e5 d5 27. e6 fxe6
28. Bg3 Ra7 29. Rxe6 Bc5+ 30. Kh1 Qd8 31. Re1 d4 32. Qe4 Bf8 33. g6 hxg6 34.
Qxg6 Qf6 35. Qh5 Qh6 36. Bd5+ Kh7 37. Be4+ Kg8 38. Qf5 Be7 39. Rf1 1-0

[Event "XX C.to Mondiale Seniores"]
[Site "Arco ITA"]
[Date "2010.11.04"]
[Round "9"]
[White "Wuensch, Ulrich"]
[Black "Gutzeit, Avraham"]
[WhiteElo "2056"]
[BlackElo "2175"]
[Result "0-1"]
[PlyCount "68"]
[EventDate "2010.10.26"]

1. d4 Nf6 2. Nf3 g6 3. c4 Bg7 4. Nc3 d5 5. Bg5 Ne4 6. Bh4 Nxc3 7. bxc3 dxc4 8.
Qa4+ Nd7 9. Qxc4 O-O 10. e3 a6 11. Be2 Nb6 12. Qb3 Be6 13. Qa3 Re8 14. O-O Bc4
15. Bxc4 Nxc4 16. Qb4 b5 17. a4 c6 18. Rfd1 Qd6 19. Qb3 Nb6 20. axb5 cxb5 21.
e4 Rec8 22. Rac1 Ra7 23. Bg3 Qe6 24. Qb1 Qc4 25. Nd2 Qc6 26. Nb3 Na4 27. c4
bxc4 28. Na5 Qb5 29. Rxc4 Rxc4 30. Nxc4 Nc3 31. Qxb5 axb5 32. Bb8 Ra8 33. Nb6
Rxb8 34. Rd3 Rxb6 0-1

[Event "XX C.to Mondiale Seniores"]
[Site "Arco ITA"]
[Date "2010.11.04"]
[Round "9"]
[White "Zakharchenko, Arnold"]
[Black "Jacobsen, Bo"]
[WhiteElo "2192"]
[BlackElo "2317"]
[Result "1/2-1/2"]
[PlyCount "69"]
[EventDate "2010.10.26"]

1. d4 Nf6 2. c4 c5 3. d5 e5 4. Nc3 d6 5. e4 Nbd7 6. Nf3 Be7 7. Be2 Nf8 8. a3
Ng6 9. h4 h6 10. g3 b6 11. Qd3 Bg4 12. Be3 Qc8 13. Nd2 Bd7 14. h5 Nf8 15. O-O-O
Ng4 16. Bxg4 Bxg4 17. f3 Bd7 18. f4 Bf6 19. Rdf1 Bg4 20. Rf2 Nh7 21. Nf1 a6 22.
Bd2 Rb8 23. f5 Bg5 24. Bxg5 hxg5 25. Qd2 b5 26. Ne3 Nf6 27. Nxg4 Nxg4 28. Re2
f6 29. Qd3 b4 30. Nd1 Qd7 31. Qb3 Ke7 32. a4 Nh6 33. Re3 Qe8 34. Nf2 Qd7 35.
Qd1 1/2-1/2

[Event "XX C.to Mondiale Seniores"]
[Site "Arco ITA"]
[Date "2010.11.04"]
[Round "9"]
[White "Zanin, Umberto"]
[Black "Meinhardt, Guenther"]
[WhiteElo "1623"]
[BlackElo "1947"]
[Result "0-1"]
[PlyCount "64"]
[EventDate "2010.10.26"]

1. c4 e5 2. Nc3 d6 3. d3 c6 4. g3 f5 5. Nf3 Nf6 6. Bg5 Be7 7. Bg2 O-O 8. O-O
Na6 9. a3 Nc7 10. b4 Ne6 11. Bxf6 Bxf6 12. e4 f4 13. Ra2 g5 14. Nb1 g4 15. Nh4
f3 16. Nxf3 gxf3 17. Bxf3 Nd4 18. Bg4 Kh8 19. Bxc8 Qxc8 20. Kg2 Rg8 21. Nd2 Rg6
22. Rb2 Qd7 23. Nf3 Ne6 24. Kh1 Rag8 25. Rg1 Qg7 26. Rb1 Qh6 27. Qd2 Qh5 28.
Qe3 Rh6 29. Rbf1 Qh3 30. Qe2 Nd4 31. Qd1 Nxf3 32. Rg2 Qxh2+ 0-1

[Event "XX C.to Mondiale Seniores"]
[Site "Arco ITA"]
[Date "2010.11.04"]
[Round "9"]
[White "Ziltener, Werner"]
[Black "Vogel, Jaap"]
[WhiteElo "2116"]
[BlackElo "2197"]
[Result "1/2-1/2"]
[PlyCount "87"]
[EventDate "2010.10.26"]

1. Nf3 d5 2. d4 Nf6 3. c4 c6 4. e3 Bf5 5. Nc3 e6 6. Qb3 Qb6 7. c5 Qc7 8. Bd2
Nbd7 9. Rc1 Be7 10. Be2 h6 11. O-O O-O 12. Na4 Ne4 13. Bb4 Bg4 14. Qc2 f5 15.
Ne1 Bxe2 16. Qxe2 e5 17. f3 Nef6 18. Nd3 Rae8 19. dxe5 Nxe5 20. Nxe5 Qxe5 21.
Bc3 Qe6 22. Bd4 f4 23. Rfe1 Nh5 24. Qf2 Qf5 25. Qc2 Qxc2 26. Rxc2 Bh4 27. Ree2
Bf6 28. Bxf6 Rxf6 29. exf4 Rxe2 30. Rxe2 Nxf4 31. Rd2 Re6 32. Kf2 g5 33. g3 Ng6
34. Nc3 Ne5 35. Ne2 Rf6 36. Nd4 Nxf3 37. Nxf3 g4 38. Rd3 Kg7 39. Ke2 Re6+ 40.
Re3 gxf3+ 41. Kxf3 Rxe3+ 42. Kxe3 Kg6 43. Kf4 a5 44. b3 1/2-1/2

[Event "XX C.to Mondiale Seniores"]
[Site "Arco ITA"]
[Date "2010.11.04"]
[Round "9"]
[White "Zunker, Reinhard"]
[Black "Plachetka, Jan"]
[WhiteElo "2198"]
[BlackElo "2345"]
[Result "0-1"]
[PlyCount "57"]
[EventDate "2010.10.26"]

1. e4 c5 2. Nf3 Nc6 3. d4 cxd4 4. Nxd4 Nf6 5. Nc3 e5 6. Ndb5 d6 7. Bg5 a6 8.
Na3 b5 9. Nd5 Be7 10. Bxf6 Bxf6 11. c3 O-O 12. Nc2 Rb8 13. Be2 Bg5 14. O-O g6
15. b4 Bb7 16. a4 Ne7 17. axb5 axb5 18. Ra5 f5 19. f3 Bc6 20. c4 fxe4 21. fxe4
Nxd5 22. Rxf8+ Qxf8 23. cxd5 Bd7 24. Bd3 Qh6 25. Qe2 Rf8 26. Ra7 Bg4 27. Qe1
Bd2 28. Qg3 Bf4 29. Ra1 0-1

[Event "XX C.to Mondiale Seniores"]
[Site "Arco ITA"]
[Date "2010.11.05"]
[Round "10"]
[White "Belokopyt, Boris"]
[Black "Mesiarik, Rudolf"]
[WhiteElo "2041"]
[BlackElo "2173"]
[Result "0-1"]
[PlyCount "72"]
[EventDate "2010.10.26"]

1. d4 Nf6 2. e3 d6 3. f4 c5 4. c3 Qc7 5. Nf3 Nbd7 6. Be2 e5 7. O-O Be7 8. Na3
a6 9. Nc4 e4 10. Ng5 h6 11. Nh3 b5 12. Nd2 Nb6 13. Nf2 Bb7 14. Ng4 Nfd5 15. Nb1
f5 16. Nf2 O-O 17. g4 cxd4 18. cxd4 Nc4 19. Qb3 Bh4 20. Na3 Bxf2+ 21. Rxf2 Na5
22. Qd1 b4 23. Nc2 Rac8 24. Bf1 b3 25. axb3 Nxb3 26. Rb1 Nxc1 27. Qxc1 Nb4 28.
Qd1 Nxc2 29. Rc1 Nxe3 30. Qb3+ Bd5 31. Rxc7 Bxb3 32. Rc3 Rxc3 33. bxc3 fxg4 34.
Bxa6 Bc4 35. Bb7 d5 36. Bc6 Nd1 0-1

[Event "XX C.to Mondiale Seniores"]
[Site "Arco ITA"]
[Date "2010.11.05"]
[Round "10"]
[White "Bisignano, Giuseppe"]
[Black "Stanciulescu, Serban"]
[WhiteElo "1897"]
[BlackElo "1998"]
[Result "1-0"]
[PlyCount "67"]
[EventDate "2010.10.26"]

1. e4 c5 2. Nf3 a6 3. d4 cxd4 4. Nxd4 Nf6 5. Nc3 e5 6. Nb3 Bb4 7. Bg5 Qc7 8.
Bxf6 Bxc3+ 9. bxc3 Qxc3+ 10. Nd2 gxf6 11. Bc4 Nc6 12. O-O h5 13. Rb1 d6 14. Bd5
Nb4 15. Nc4 Nxd5 16. Nxd6+ Kf8 17. Qxd5 Be6 18. Qxb7 Rd8 19. Rbd1 Rd7 20. Qxa6
Rg8 21. Nf5 Bxf5 22. exf5 Rxd1 23. Rxd1 Qxc2 24. Re1 Qxf5 25. a4 Rg4 26. a5 Ra4
27. h3 Ra2 28. Qb6 Qe6 29. Qb4+ Kg7 30. Re3 Qe8 31. Rg3+ Kh6 32. Qd6 Qh8 33.
Qe7 Rxa5 34. Qxf7 1-0

[Event "XX C.to Mondiale Seniores"]
[Site "Arco ITA"]
[Date "2010.11.05"]
[Round "10"]
[White "Bogdanov, Valentin"]
[Black "Gruzmann, Boris"]
[WhiteElo "2393"]
[BlackElo "2236"]
[Result "1/2-1/2"]
[PlyCount "101"]
[EventDate "2010.10.26"]

1. d4 Nf6 2. c4 g6 3. Nc3 Bg7 4. e4 d6 5. Nf3 O-O 6. Be2 Bg4 7. Be3 Nfd7 8. O-O
e5 9. d5 f5 10. exf5 Bxf3 11. Bxf3 gxf5 12. Be2 Qh4 13. f3 Bh6 14. Bf2 Qg5 15.
b4 a5 16. Nb5 Na6 17. c5 axb4 18. cxd6 cxd6 19. Nxd6 Nac5 20. f4 Qf6 21. fxe5
Qxe5 22. Nc4 Qe4 23. Re1 Bg7 24. Bf1 Qg4 25. Rb1 Rxa2 26. Be2 Qe4 27. d6 Bc3
28. Bf3 Bxe1 29. Bxe1 Qd3 30. Bd5+ Kg7 31. Bxb4 Qxd1+ 32. Rxd1 Re2 33. Nb6 Nxb6
34. Bxc5 Nxd5 35. Rxd5 Rd8 36. Bb6 Rd7 37. Bc7 Rb2 38. Rxf5 b5 39. h4 b4 40.
Kh2 b3 41. Kg3 Rc2 42. Rb5 b2 43. Kf4 Rf7+ 44. Ke4 Rxg2 45. Bb6 Rd7 46. Bd4+
Kf7 47. Kd5 Rd2 48. Rxb2 Rxd6+ 49. Kxd6 Rxd4+ 50. Ke5 Rxh4 51. Kf5 1/2-1/2

[Event "XX C.to Mondiale Seniores"]
[Site "Arco ITA"]
[Date "2010.11.05"]
[Round "10"]
[White "Bondar, Leonid"]
[Black "Strohbusch, Frank"]
[WhiteElo "2035"]
[BlackElo "1901"]
[Result "1-0"]
[PlyCount "99"]
[EventDate "2010.10.26"]

1. e4 e6 2. d4 d5 3. Nc3 Bb4 4. e5 c5 5. a3 Bxc3+ 6. bxc3 Qc7 7. Qg4 f5 8. Qg3
cxd4 9. cxd4 Ne7 10. Bd2 O-O 11. Bd3 Nbc6 12. Nf3 Bd7 13. O-O Kh8 14. Qh4 Ng6
15. Qh5 Nce7 16. Ng5 h6 17. Nh3 Kg8 18. Kh1 Qc8 19. Rg1 Be8 20. Bxh6 gxh6 21.
Qxh6 Rf7 22. Ng5 Rg7 23. g3 Bf7 24. h4 Nf8 25. Nh3 Rg6 26. Qe3 Nh7 27. Rg2 Qf8
28. Nf4 Rg7 29. Rag1 Kh8 30. f3 Nc6 31. Be2 Qe7 32. Rh2 Rag8 33. g4 Qe8 34. g5
Ne7 35. c4 dxc4 36. Bxc4 Ng6 37. Nh5 Qc6 38. Be2 Ngf8 39. Nxg7 Rxg7 40. h5 Qe8
41. f4 Rg8 42. Bf3 b6 43. g6 Nxg6 44. hxg6 Rxg6 45. Rxg6 Bxg6 46. d5 Kg7 47.
Rc2 Qd8 48. d6 Qh4+ 49. Kg2 Be8 50. Rc7+ 1-0

[Event "XX C.to Mondiale Seniores"]
[Site "Arco ITA"]
[Date "2010.11.05"]
[Round "10"]
[White "Cebalo, Miso"]
[Black "Gutkin, Boris"]
[WhiteElo "2493"]
[BlackElo "2275"]
[Result "1-0"]
[PlyCount "57"]
[EventDate "2010.10.26"]

1. d4 d5 2. c4 c6 3. Nf3 Nf6 4. Nc3 e6 5. Bg5 h6 6. Bh4 dxc4 7. e4 g5 8. Bg3 b5
9. Be2 b4 10. Na4 Nxe4 11. Be5 Nf6 12. Nc5 Nbd7 13. Nxd7 Bxd7 14. Bxc4 Bg7 15.
h4 g4 16. Nd2 c5 17. dxc5 Rc8 18. O-O Rxc5 19. Re1 Bc6 20. Qe2 O-O 21. Nb3 Rxe5
22. Qxe5 Nd5 23. Qg3 h5 24. Rad1 Qf6 25. Nc5 Nf4 26. Rd6 Bxg2 27. Nd7 Qf5 28.
Nxf8 Bxf8 29. Rd4 1-0

[Event "XX C.to Mondiale Seniores"]
[Site "Arco ITA"]
[Date "2010.11.05"]
[Round "10"]
[White "De Polzer, Manfredi"]
[Black "Vanzan, Alessandro"]
[WhiteElo "1809"]
[BlackElo "1751"]
[Result "0-1"]
[PlyCount "52"]
[EventDate "2010.10.26"]

1. c4 Nf6 2. Nc3 d6 3. d4 Nc6 4. e4 g6 5. Be2 Bg7 6. Be3 O-O 7. Rb1 a5 8. h3 b6
9. Bf3 Bb7 10. a3 e5 11. Nge2 Nd7 12. d5 Ne7 13. Qc2 f5 14. Bc1 Bc8 15. b4 axb4
16. axb4 Nf6 17. Ng3 fxe4 18. Ngxe4 Nxe4 19. Bxe4 Nf5 20. Bxf5 Bxf5 21. Ne4 Qh4
22. g4 Bxe4 23. Qxe4 Qxf2+ 24. Kd1 Ra2 25. Be3 Qe2+ 26. Kc1 Rf1+ 0-1

[Event "XX C.to Mondiale Seniores"]
[Site "Arco ITA"]
[Date "2010.11.05"]
[Round "10"]
[White "Degtiarev, Viktor"]
[Black "Bernhoeft, Erhard"]
[WhiteElo "1867"]
[BlackElo "1991"]
[Result "0-1"]
[PlyCount "92"]
[EventDate "2010.10.26"]

1. e4 c5 2. Nf3 Nc6 3. d4 cxd4 4. Nxd4 Qb6 5. Nxc6 bxc6 6. Nc3 e6 7. Bd3 Bb4 8.
Bd2 Ba6 9. a3 Be7 10. Rb1 Bxd3 11. cxd3 d5 12. O-O Nf6 13. e5 Nd7 14. Re1 Nf8
15. Be3 Qc7 16. d4 Ng6 17. Na4 O-O 18. Qc2 Rac8 19. Rec1 Nh4 20. b4 Nf5 21. Rb3
Nxe3 22. fxe3 Bg5 23. Nb2 Qb6 24. Nd1 f6 25. Rc3 fxe5 26. Rxc6 Qb5 27. Nf2 Qxc6
28. Qxc6 Rxc6 29. Rxc6 Bxe3 30. Rc2 exd4 31. Re2 Rc8 32. g3 Rc3 33. Kg2 Bxf2
34. Kxf2 Kf7 35. Ra2 Rb3 36. Ke2 e5 37. Kd2 Ke6 38. Kc2 Rf3 39. Ra1 e4 40. a4
Kd6 41. a5 Kc6 42. a6 Rc3+ 43. Kb2 e3 44. Rd1 Rc4 45. Kb3 Kb5 46. h4 e2 0-1

[Event "XX C.to Mondiale Seniores"]
[Site "Arco ITA"]
[Date "2010.11.05"]
[Round "10"]
[White "Dydyshko, Viacheslav"]
[Black "Rajkovic, Dusan"]
[WhiteElo "2547"]
[BlackElo "2443"]
[Result "1-0"]
[PlyCount "119"]
[EventDate "2010.10.26"]

1. d4 Nf6 2. c4 e6 3. Nf3 b6 4. g3 Ba6 5. b3 b5 6. cxb5 Bxb5 7. Bg2 a5 8. O-O
Qc8 9. Ne5 Nd5 10. Qc2 Nc6 11. Nxc6 Bxc6 12. a3 Be7 13. e4 Nf6 14. Nc3 O-O 15.
d5 Bb7 16. Rd1 Bc5 17. h3 d6 18. Na4 Ba7 19. Bb2 Nd7 20. Bd4 Ba6 21. Rac1 Bxd4
22. Rxd4 e5 23. Rd2 Ra7 24. Qc6 Nf6 25. Qc3 Qb8 26. Qe3 Rb7 27. Rb2 Nd7 28. Bf1
Bb5 29. Bxb5 Rxb5 30. Qc3 Rc8 31. Qc6 Nf6 32. Qc4 h5 33. Nc3 Rb6 34. b4 axb4
35. axb4 Rb7 36. b5 Qa7 37. Rd1 Ra8 38. Ra2 Qb8 39. Ra6 Nd7 40. Rda1 Rba7 41.
Qc6 Nb6 42. Kg2 g6 43. R1a5 Kg7 44. Nd1 Rxa6 45. bxa6 Ra7 46. Nc3 Qc8 47. Nb5
Rxa6 48. Rxa6 Qxa6 49. Nxc7 Qc4 50. Qxb6 Qxe4+ 51. Kg1 h4 52. Ne8+ Kf8 53. Nxd6
Qe1+ 54. Kg2 hxg3 55. Qa7 Qxf2+ 56. Qxf2 gxf2 57. Nc4 e4 58. Kxf2 f5 59. Ke3
Ke7 60. Kf4 1-0

[Event "XX C.to Mondiale Seniores"]
[Site "Arco ITA"]
[Date "2010.11.05"]
[Round "10"]
[White "Ermenkov, Evgenij P."]
[Black "Hammar, Bengt"]
[WhiteElo "2442"]
[BlackElo "2240"]
[Result "0-1"]
[PlyCount "112"]
[EventDate "2010.10.26"]

1. c4 g6 2. e4 d6 3. d4 Nf6 4. Nc3 Bg7 5. Bg5 c5 6. d5 h6 7. Bh4 e6 8. dxe6
Bxe6 9. Bd3 O-O 10. f4 Re8 11. Nf3 Qb6 12. Bxf6 Bxf6 13. Qd2 Nc6 14. O-O Bg7
15. f5 Bd7 16. Nd5 Qd8 17. Kh1 Ne5 18. Nxe5 Rxe5 19. Rf3 Bc6 20. Raf1 gxf5 21.
exf5 Bxd5 22. cxd5 Qf6 23. Bc4 a6 24. a4 Rae8 25. h3 h5 26. b3 Bh6 27. Qc3 Bg7
28. Rg3 Kf8 29. Qf3 Re1 30. Qf2 Rxf1+ 31. Bxf1 Re5 32. Bc4 Re4 33. Rf3 h4 34.
Rf4 Qa1+ 35. Bf1 Rxf4 36. Qxf4 Be5 37. Qf3 Ke7 38. Qd3 Qe1 39. Qf3 Kd7 40. f6
Kc7 41. Kg1 Kb6 42. Kh1 Ka5 43. Kg1 Bd4+ 44. Kh1 Qf2 45. Qxf2 Bxf2 46. g4 hxg3
47. Kg2 Kb4 48. Bc4 b5 49. axb5 axb5 50. Bd3 Kxb3 51. Bg6 Bd4 52. Bxf7 Bxf6 53.
Kxg3 c4 54. Be8 c3 55. Bxb5 c2 56. Ba4+ Kxa4 0-1

[Event "XX C.to Mondiale Seniores"]
[Site "Arco ITA"]
[Date "2010.11.05"]
[Round "10"]
[White "Facchetti, Gianni"]
[Black "Zilahi, Gabor"]
[WhiteElo "2151"]
[BlackElo "1946"]
[Result "0-1"]
[PlyCount "94"]
[EventDate "2010.10.26"]

1. e4 g6 2. d4 Bg7 3. Nc3 c6 4. h3 d5 5. Nf3 dxe4 6. Nxe4 Nd7 7. Bc4 Nb6 8. Bb3
Nf6 9. Nxf6+ Bxf6 10. Bh6 Nd5 11. Qd2 Rg8 12. Ng5 e6 13. O-O-O Be7 14. h4 f6
15. Nf3 b5 16. Bxd5 Qxd5 17. Qa5 Bd8 18. Qa3 Be7 19. Qb3 a5 20. Qxd5 cxd5 21.
Bd2 Bd7 22. Kb1 h5 23. Rhe1 Kf7 24. Re2 Rgc8 25. Bf4 Ra6 26. Ne1 b4 27. f3 Bb5
28. Rf2 a4 29. b3 Bd7 30. Nd3 axb3 31. cxb3 e5 32. dxe5 Bf5 33. Rc2 Rxc2 34.
Kxc2 Rxa2+ 35. Kb1 Rxg2 36. Ka1 g5 37. hxg5 fxg5 38. e6+ Bxe6 39. Be5 h4 40.
Rh1 h3 41. Bd4 Rd2 42. Ne5+ Ke8 43. Be3 Re2 44. Bd4 Bd6 45. Ng4 Bxg4 46. fxg4
h2 47. Kb1 Bg3 0-1

[Event "XX C.to Mondiale Seniores"]
[Site "Arco ITA"]
[Date "2010.11.05"]
[Round "10"]
[White "Filipenko, Alexander V."]
[Black "Pushkov, Nikolai"]
[WhiteElo "2327"]
[BlackElo "2466"]
[Result "1/2-1/2"]
[PlyCount "120"]
[EventDate "2010.10.26"]

1. e4 e6 2. d4 d5 3. Nc3 Nf6 4. Bg5 dxe4 5. Nxe4 Be7 6. Bxf6 gxf6 7. Nf3 a6 8.
a4 b6 9. Bc4 Bb7 10. Qe2 Nd7 11. Rd1 c6 12. O-O b5 13. Bb3 Qc7 14. c4 bxc4 15.
Bxc4 a5 16. Rc1 O-O 17. Qe3 Kh8 18. Rfd1 Qb8 19. Bd3 Rg8 20. Qh6 Qf8 21. Qf4
Rc8 22. Nc5 Qg7 23. g3 Nxc5 24. dxc5 Qg4 25. Qxg4 Rxg4 26. Bxh7 Rc7 27. Bc2 Rb4
28. b3 Kg7 29. Rd2 Bxc5 30. Bd3 Be7 31. Bc4 c5 32. Ne1 Bc6 33. f4 Rd7 34. Rxd7
Bxd7 35. Nd3 Rb8 36. Kf2 Bc6 37. Ke3 Rd8 38. Rc3 Rh8 39. h4 Bb7 40. Bb5 Rc8 41.
Nb2 f5 42. Nc4 Bf6 43. Rd3 Bd4+ 44. Rxd4 cxd4+ 45. Kxd4 Ra8 46. Kc5 Bd5 47. Nb6
Rd8 48. Nxd5 exd5 49. b4 Rc8+ 50. Kxd5 axb4 51. Bc4 Kf6 52. h5 Kg7 53. Kd4 Rb8
54. Bb5 Kh6 55. Kc4 Kxh5 56. Kxb4 Kg4 57. a5 Kxg3 58. a6 Kxf4 59. Kc5 Ra8 60.
Kb6 Kg3 1/2-1/2

[Event "XX C.to Mondiale Seniores"]
[Site "Arco ITA"]
[Date "2010.11.05"]
[Round "10"]
[White "Finnlaugsson, Gunnar"]
[Black "Sevenyuk, Alexey"]
[WhiteElo "2072"]
[BlackElo "1920"]
[Result "1-0"]
[PlyCount "59"]
[EventDate "2010.10.26"]

1. e4 c5 2. Nf3 d6 3. d4 cxd4 4. Nxd4 Nf6 5. Nc3 g6 6. Be3 Bg7 7. Bc4 Nc6 8.
Nxc6 bxc6 9. h3 O-O 10. Bb3 a5 11. a4 Ba6 12. Qd2 Qb8 13. O-O-O c5 14. e5 dxe5
15. Bxc5 Rc8 16. Bxe7 Ra7 17. Ba3 Ne4 18. Nxe4 Qxb3 19. Qd8+ Bf8 20. Nf6+ Kh8
21. Qxf8+ Rxf8 22. cxb3 Rc8+ 23. Kb1 Kg7 24. Ne4 Rac7 25. Bd6 Rc6 26. Bxe5+ f6
27. Rd7+ Kf8 28. Nxf6 Re6 29. Bd6+ Rxd6 30. Rxd6 1-0

[Event "XX C.to Mondiale Seniores"]
[Site "Arco ITA"]
[Date "2010.11.05"]
[Round "10"]
[White "Grinberg, Iosif P."]
[Black "Sarto Ramos, Angel"]
[WhiteElo "2217"]
[BlackElo "1963"]
[Result "1-0"]
[PlyCount "75"]
[EventDate "2010.10.26"]

1. d4 c5 2. dxc5 Qa5+ 3. Nc3 Qxc5 4. Nf3 Nf6 5. e4 d6 6. h3 Bd7 7. Bd3 Bc6 8.
a3 a6 9. O-O b5 10. Re1 Nbd7 11. Qe2 Qa7 12. b4 Qb7 13. Bb2 e5 14. Nd2 Be7 15.
Nb3 Rb8 16. Na5 Qb6 17. Nxc6 Qxc6 18. a4 bxa4 19. Rxa4 a5 20. Bb5 Qb7 21. bxa5
O-O 22. a6 Qa7 23. Bc1 Nc5 24. Be3 Rfc8 25. Nd5 Nxd5 26. exd5 f5 27. f3 Rb6 28.
Ra5 Bh4 29. Bf2 Bxf2+ 30. Qxf2 Rc7 31. Rea1 Re7 32. Kh2 g5 33. Bd3 Rf7 34. Rb5
Kg7 35. Rxb6 Qxb6 36. Bxf5 Ra7 37. Qe3 h6 38. Bd3 1-0

[Event "XX C.to Mondiale Seniores"]
[Site "Arco ITA"]
[Date "2010.11.05"]
[Round "10"]
[White "Harestad, Thor Geir"]
[Black "Henrichsen, Erland"]
[WhiteElo "2219"]
[BlackElo "2012"]
[Result "1/2-1/2"]
[PlyCount "48"]
[EventDate "2010.10.26"]

1. f4 b6 2. e4 Bb7 3. Nc3 e6 4. Nf3 Bb4 5. d3 Ne7 6. g3 d5 7. exd5 Nxd5 8. Bd2
Bxc3 9. bxc3 Qf6 10. d4 Nd7 11. Bg2 Ba6 12. Kf2 Rc8 13. a4 c5 14. a5 b5 15. Re1
O-O 16. Bf1 cxd4 17. cxd4 Rc6 18. Rb1 Rfc8 19. Bd3 Nc3 20. Bxc3 Rxc3 21. Re3 g6
22. h4 Bb7 23. Bxb5 Rxc2+ 24. Re2 Qf5 1/2-1/2

[Event "XX C.to Mondiale Seniores"]
[Site "Arco ITA"]
[Date "2010.11.05"]
[Round "10"]
[White "Haupt, Joachim"]
[Black "Diaz Franco, Francisco Jorge"]
[WhiteElo "1873"]
[BlackElo "1993"]
[Result "1-0"]
[PlyCount "57"]
[EventDate "2010.10.26"]

1. c4 Nf6 2. Nf3 c6 3. g3 d5 4. cxd5 cxd5 5. Bg2 Nc6 6. O-O e5 7. d3 Be7 8. b3
O-O 9. Bb2 Bd6 10. Ba3 Bxa3 11. Nxa3 h6 12. Nc2 Be6 13. h3 Rc8 14. Ne3 Qd7 15.
Kh2 Rfd8 16. Qb1 Qd6 17. Qb2 Rc7 18. Rac1 Rdc8 19. Rc2 Nd7 20. Rfc1 f5 21. Nh4
f4 22. gxf4 e4 23. Qxg7+ Kxg7 24. Nhf5+ Kf6 25. Nxd6 exd3 26. exd3 Rg8 27.
Nxd5+ Bxd5 28. Bxd5 Rg7 29. Ne8+ 1-0

[Event "XX C.to Mondiale Seniores"]
[Site "Arco ITA"]
[Date "2010.11.05"]
[Round "10"]
[White "Hjertenes, Oystein"]
[Black "Andersson, Kaj"]
[WhiteElo "2199"]
[BlackElo "2093"]
[Result "1/2-1/2"]
[PlyCount "31"]
[EventDate "2010.10.26"]

1. Nf3 Nf6 2. g3 d5 3. c4 dxc4 4. Bg2 c6 5. a4 Bf5 6. Na3 e6 7. Nxc4 Nbd7 8.
O-O Be7 9. b3 O-O 10. Bb2 Rc8 11. d3 Bg6 12. Rc1 Nd5 13. Nfe5 Nxe5 14. Nxe5 Bf6
15. Nxg6 hxg6 16. Bxf6 1/2-1/2

[Event "XX C.to Mondiale Seniores"]
[Site "Arco ITA"]
[Date "2010.11.05"]
[Round "10"]
[White "Hlinschi, Mihai"]
[Black "Caramaschi, Vincenzo"]
[WhiteElo "1776"]
[BlackElo "1669"]
[Result "1-0"]
[PlyCount "77"]
[EventDate "2010.10.26"]

1. e4 e5 2. Nf3 d6 3. d4 exd4 4. Nxd4 Nf6 5. f3 Bd7 6. c4 b6 7. Nc3 Nc6 8. Be3
Nxd4 9. Bxd4 Be7 10. Be2 c5 11. Be3 O-O 12. O-O Ne8 13. Qd2 Nc7 14. a4 Bf6 15.
Qxd6 Bxc3 16. bxc3 Ne6 17. Rfd1 Be8 18. Qg3 Qc7 19. f4 Bc6 20. Bf3 Rfd8 21. f5
Rxd1+ 22. Rxd1 Qxg3 23. hxg3 Nf8 24. a5 Nd7 25. Rd6 Ne5 26. Bf4 Nxf3+ 27. gxf3
Ba4 28. axb6 axb6 29. Rxb6 Kf8 30. Bd6+ Ke8 31. Bxc5 Bd1 32. Kf2 Ra2+ 33. Ke3
f6 34. Rb7 g5 35. fxg6 hxg6 36. Re7+ Kd8 37. Rf7 g5 38. Rxf6 Re2+ 39. Kd4 1-0

[Event "XX C.to Mondiale Seniores"]
[Site "Arco ITA"]
[Date "2010.11.05"]
[Round "10"]
[White "Hohler, Peter"]
[Black "Muratoglu, Salih"]
[WhiteElo "2193"]
[BlackElo "2090"]
[Result "1/2-1/2"]
[PlyCount "39"]
[EventDate "2010.10.26"]

1. d4 Nf6 2. c4 g6 3. Nc3 Bg7 4. e4 d6 5. f3 O-O 6. Be3 Nc6 7. Nge2 e5 8. Qd2
exd4 9. Nxd4 Bd7 10. Be2 Nxd4 11. Bxd4 Ne8 12. O-O Bxd4+ 13. Qxd4 Qf6 14. Qd2
Qe5 15. Rad1 Qc5+ 16. Kh1 Nf6 17. Qd4 Qxd4 18. Rxd4 Rfe8 19. Kg1 Bc6 20. Kf2
1/2-1/2